000 00429nam a2200157 i 4500
001 27215
003 ES-MaACL
005 20230906153559.0
007 t|
008 030113s1969 sp ||||1| spa d
100 1 _aArroyo y Juan, Rosa María F.
_923387
245 1 0 _aDos no al tres /
_cRosa María F. Arroyo y Juan.
260 _aMadrid :
_bAzur,
_c[1969]
300 _a124 p. ;
_c18 cm.
852 _aES-MaACL
_jC-37224
_bR.69817
999 _c27215
_d27215